| 000 | 01259 a2200205 4500 | ||
|---|---|---|---|
| 003 | Nust | ||
| 005 | 20250923170452.0 | ||
| 040 | _cNust | ||
| 082 | _a621.384,NIL | ||
| 100 |
_aNilson, Arthur R. _9130664 |
||
| 245 |
_aPractical radio communication : _bprinciples, systems, equipment-operation / _cArthur R. Nilson and J. L. Hornung |
||
| 250 | _a2nd ed | ||
| 260 |
_aLondon _bMcGraw-Hill _c1943 |
||
| 300 | _axxiii, 927 p. | ||
| 505 | _aDirect-Current Electricity and Magnetism (Page-1) Alternating-Current Electricity (Page-60) Introduction to Radio Tubes and Circuits (Page-105) Transmitting-Circuit Principles (Page-148) Receiving-Circuit Principles (Page-203) Electronic Power Supplies (Page-293) Antenna and Wave Propagation (Page-343) Frequency Modulation (Page-388) Aviation Radio Communication (Page-430) Broadcast Studio (Page-500) Broadcast Control Room (Page-542) Broadcast AM Transmitters (Page-592) Marine Radio Transmitters (Page-648) Marine Radio Receivers (Page-722) Marine Automatic Radio Alarms (Page-754) Marine Radio Direction Finders (Page-780) Motors and Generators (Page-818) Storage Batteries (Page-863) | ||
| 538 | _aAlmirah No. 39 Shelf No.1 | ||
| 650 | _aRadio | ||
| 700 |
_aHornung, J. L. _9130665 |
||
| 942 |
_2ddc _cBK |
||
| 999 |
_c183048 _d183048 |
||